| 000 | 01135nam a2200385 a 4500 | ||
|---|---|---|---|
| 001 | 20428 | ||
| 003 | VRT | ||
| 005 | 20260122135444.0 | ||
| 008 | 961209q1995 xo p 000 1 slo c | ||
| 020 | _a8088834325 (brož.) | ||
| 035 | _aUKB000210383 | ||
| 040 |
_aBAA001 _bslo _cBAA001 _eAACR2 |
||
| 041 | 1 |
_aslo _hfre |
|
| 044 |
_axo _cSK |
||
| 080 | _a840-32 | ||
| 100 | 0 |
_aVoltaire, _d1694-1778 |
|
| 243 | 1 | 0 | _aKlasicistická próza |
| 245 | 0 | 0 |
_aCandide _cVoltaire ; [prel. Ladislav Šimonič] |
| 260 |
_aRohovce _bInterpopulart Slovakia _c[1995] |
||
| 300 | _a92 s | ||
| 490 | 1 |
_aPopulart. Študentská knižnica _v33 |
|
| 500 | _aKlasicistická próza | ||
| 504 | _aBibliogr. s. 90 | ||
| 650 | 0 | 7 | _aliteratúra francúzska klasicistická |
| 650 | 0 | 7 | _apoviedky |
| 653 | _a840-32 | ||
| 700 | 1 |
_aŠimonič, Ladislav _4trl |
|
| 760 | 1 | _tPopulart. Študentská knižnica | |
| 830 | 0 |
_aPopulart. Študentská knižnica _v33 |
|
| 910 | _aukb | ||
| 942 |
_2ddc _cKLDO _n0 |
||
| 949 |
_61800009266 _a30.D.66685 _bPV.5685-96 |
||
| 949 |
_61800009265 _aSL.D.24708 _bPV.5686-96 |
||
| 949 |
_61800065043 _a30.D.66685 _bNA.243-99 |
||
| 999 |
_c20428 _d20428 |
||